Politics of industrial financing policy : Korea and Japan
Enregistré dans:
| Collectivité auteur: | |
|---|---|
| Format: | Livre |
| Langue: | Undetermined |
| Publié: |
London
University Microfilms International
1979
|
| Sujets: | |
| Tags: |
Ajouter un tag
Pas de tags, Soyez le premier à ajouter un tag!
|
| Thư viện lưu trữ: | Trung tâm Học liệu Trường Đại học Cần Thơ |
|---|
| LEADER | 00551nam a2200181Ia 4500 | ||
|---|---|---|---|
| 001 | CTU_79043 | ||
| 008 | 210402s9999 xx 000 0 und d | ||
| 082 | |a 331 | ||
| 082 | |b U58 | ||
| 110 | |a University Microfilms International | ||
| 245 | 0 | |a Politics of industrial financing policy : | |
| 245 | 0 | |b Korea and Japan | |
| 245 | 0 | |c University Microfilms International | |
| 260 | |a London | ||
| 260 | |b University Microfilms International | ||
| 260 | |c 1979 | ||
| 650 | |a Industrial relations | ||
| 980 | |a Trung tâm Học liệu Trường Đại học Cần Thơ | ||